000 00359nam a2200133Ia 4500
008 151213s9999 xx 000 0 und d
100 _aSusan Hanna
245 _aProperty Rights in a Social Economical Context
_cSusan Hanna
260 _aWashington D. C
_bWorld Bank
_c1995
300 _a2027 p.
650 _aReference
700 _aSusan Hanna
999 _c1485
_d1485